000
00285nam a22001337a 4500
008
170927b xxu||||| |||| 00| 0 eng d
020
_a
0130183903
041
_a
eng
080
_a
37
100
_a
47
101
_a
EDU
245
_a
AFFIRMATIVE EDUCATION
_c
ILLICH,I
942
_2
udc
_c
BK
999
_c
30219
_d
30219